| 000 | 00483cam a2200205 4500 | ||
|---|---|---|---|
| 008 | 090401t1998 xxu||||| |||| 00| 0 eng d | ||
| 020 | _a0201178028 | ||
| 035 | _a(Sirsi) u91448 | ||
| 041 | _aeng | ||
| 050 | _a519.5 | ||
| 100 | _aParry Lewis, J. | ||
| 245 | _aStatistics explained. | ||
| 260 |
_aHarlow, Essex _bAddison-Wesley _c1998 |
||
| 300 |
_axx,608p. _b24cm. |
||
| 350 | _a16.95 | ||
| 650 | _aSTATISTICS | ||
| 700 | _aTraill, A. | ||
| 942 | _n0 | ||
| 948 | _c18/02/1999 | ||
| 999 |
_c97641 _d97641 |
||